书目信息 |
| 题名: |
今日我口译
|
|
| 作者: | 候霞 , 吴楠 主编 | |
| 分册: | 上 | |
| 出版信息: | 西安 西北工业大学出版社 2008.03 |
|
| 页数: | 142页 | |
| 开本: | 23cm | |
| 丛书名: | 英语视听说系列教程 | |
| 单 册: | ||
| 中图分类: | H315.9 | |
| 科图分类: | ||
| 主题词: | 英语--ying yu--口译--教材 | |
| 电子资源: | ||
| ISBN: | 978-7-5612-2343-7 | |
| 000 | 00938nam 2200277 450 | |
| 001 | 012008030664 | |
| 005 | 20080501143725.60 | |
| 010 | @a978-7-5612-2343-7@dCNY38.00 (含光盘) | |
| 011 | @a978-7-900701-59-6@b光盘 | |
| 100 | @a20080501d2008 em y0chiy0120 ea | |
| 101 | 0 | @achi@aeng |
| 102 | @aCN@b610000 | |
| 105 | @aa z 000yy | |
| 106 | @ar | |
| 200 | 1 | @a今日我口译@Ajin ri wo kou yi@h上@f候霞, 吴楠主编@Fhou xia,wu nan zhu bian |
| 210 | @a西安@c西北工业大学出版社@d2008.03 | |
| 215 | @a142页@c图@d23cm@e光盘2片 | |
| 225 | 2 | @a英语视听说系列教程@Aying yu shi ting shuo xi lie jiao cheng |
| 330 | @a本书内容包括:企鹅远征、溯源可乐,探源圣代、绿色行动、见证谷歌、史上今日等。 | |
| 410 | 0 | @12001 @a英语视听说系列教程 |
| 606 | 0 | @a英语@Aying yu@x口译@j教材 |
| 690 | @aH315.9@v4 | |
| 701 | 0 | @a候霞@Ahou xia@4主编 |
| 701 | 0 | @a吴楠@Awu nan@4主编 |
| 801 | 0 | @aCN@bQSSK@c20080501 |
| 905 | @b299902-04@dH315.9@eH440:1@f3 | |
| 今日我口译.上/候霞, 吴楠主编.-西安:西北工业大学出版社,2008.03 |
| 142页:图;23cm+光盘2片.-(英语视听说系列教程) |
| ISBN 978-7-5612-2343-7:CNY38.00 (含光盘) |
| 本书内容包括:企鹅远征、溯源可乐,探源圣代、绿色行动、见证谷歌、史上今日等。 |
| ● |
| 相关链接 |
|
|
|
正题名:今日我口译
索取号:H315.9/H440:1
 
预约/预借
| 序号 | 登录号 | 条形码 | 馆藏地/架位号 | 状态 | 备注 |
| 1 | 299902 | 202999023 | 语言库209/209语言库 9排2列6层/ [索取号:H315.9/H440:1] | 在馆 | |
| 2 | 299903 | 202999032 | 语言库209/209语言库 9排2列6层/ [索取号:H315.9/H440:1] | 在馆 | |
| 3 | 299904 | 202999041 | 语言库209/209语言库 9排2列6层/ [索取号:H315.9/H440:1] | 在馆 |